| 000 | 00818nmc a2200313 a 4500 | ||
|---|---|---|---|
| 003 | AR-BaBNM | ||
| 005 | 20251128204204.0 | ||
| 008 | 126019s1980 ||||||||||||||000 | spa|| | ||
| 020 | _a84-206-8527-5 | ||
| 040 | _cAR-BaBNM | ||
| 100 | 1 | _aCortot, Alfred | |
| 245 | 1 | 0 | _aAspectos de Chopin |
| 260 |
_aMadrid _bAlianza Editorial _c1980 |
||
| 300 |
_a177 p. _bil. |
||
| 490 | 0 |
_aAlianza Música _vv. 27 |
|
| 600 | 1 | 4 |
_aChopin, Frédéric _d1810-1849 |
| 650 | 4 | _aBIOGRAFIAS | |
| 650 | 4 | _aMUSICOS | |
| 650 | 4 | _aCOMPOSITORES | |
| 650 | 4 | _aMUSICA CLASICA | |
| 650 | 4 | _aMUSICA INSTRUMENTAL | |
| 650 | 4 | _aENSENANZA DE LA MUSICA | |
| 650 | 4 | _aFORMAS MUSICALES | |
| 650 | 4 | _aCONCIERTOS | |
| 700 | 1 |
_aCaso Machicado, Angeles _etraductor |
|
| 700 | 1 |
_aLeal, Regina _erevisión |
|
| 942 | _cBK | ||
| 998 | _cEnrique | ||
| 999 |
_c6526 _d6526 |
||